00927cam a22003011a 4500001001300000003000400013005001700017008004100034010001700075035001800092040006700110042001200177050001900189070001800208072000900226082001300235086001500248245003100263260005700294300004200351490003600393504002900429650004000458650002200498650002500520830006300545999001700608agr55000005 DLC20260227111017.0730508s1942 dcuab b f001 0 eng c aagr55000005  a(OCoLC)617729 aU.S. Dept. of Agr. Libr.cOKentUdOClW-HdOCoLCdDNALdUUdDLC apremarc00aS21b.A35 19420 a1bAg84Y 1942 0aL830 a636.08960 aA 1.10:94210aKeeping livestock healthy. aWashington D.C. :bU.S. Dept. of Agriculture,c1942. axiii, 1276 p. :bill., maps ;c24 cm.1 aYearbook of agriculture ;v1942 aIncludes bibliographies. 0aVeterinary medicinezUnited States. 0aDomestic animals. 0aLivestockxDiseases. 0aYearbook of agriculture (Washington, D.C. : 1926) ;v1942. c11531d11531